Normal view
MARC view
Entry Personal Name
001 - CONTROL NUMBER
- control field: 11755
003 - CONTROL NUMBER IDENTIFIER
- control field: ARRUPE
005 - DATE AND TIME OF LATEST TRANSACTION
- control field: 20140925144930.0
008 - FIXED-LENGTH DATA ELEMENTS
- fixed length control field: 140925|| aca||aabn | a|a d
040 ## - CATALOGING SOURCE
- Original cataloging agency: ARRUPE
- Transcribing agency: ARRUPE
100 ## - HEADING--PERSONAL NAME
- Personal name: Mircea, Eliade
670 ## - SOURCE DATA FOUND
- Source citation: Work cat.: (ARRUPE): Mircea, Eliade, The myth of the eternal return, 1954